Crónica de la Inquisición en España / (Record no. 122053)

MARC details
000 -LEADER
campo de control de longitud fija 01694 a2200277 4500
003 - IDENTIFICADOR DE NÚMERO DE CONTROL
campo de control BJBSDDR
005 - FECHA Y HORA DE LA ÚLTIMA TRANSACCIÓN
campo de control 20241029132914.0
007 - CAMPO FIJO DE DESCRIPCIÓN FÍSICA--INFORMACIÓN GENERAL
campo de control de longitud fija ta
008 - DATOS DE LONGITUD FIJA--INFORMACIÓN GENERAL
campo de control de longitud fija 240912s2002 sp 00| 0 spa d
020 ## - NÚMERO INTERNACIONAL ESTÁNDAR DEL LIBRO
Número Internacional Estándar del Libro 9788427027732
020 ## - NÚMERO INTERNACIONAL ESTÁNDAR DEL LIBRO
Número Internacional Estándar del Libro 8427027737
040 ## - FUENTE DE CATALOGACIÓN
Lengua de catalogación spa
Centro/agencia transcriptor BJBSDDR
041 ## - CÓDIGO DE IDIOMA
Código de lengua del texto/banda sonora o título independiente spa
050 14 - SIGNATURA TOPOGRÁFICA DE LA BIBLIOTECA DEL CONGRESO
Número de clasificación BX 1735
Número de ítem P438c 2002
100 1# - ENTRADA PRINCIPAL--NOMBRE DE PERSONA
Nombre de persona Pérez, Joseph,
Fechas asociadas al nombre 1931-2020
9 (RLIN) 38435
245 10 - MENCIÓN DEL TÍTULO
Título Crónica de la Inquisición en España /
Mención de responsabilidad, etc. Joseph Pérez.
260 ## - PUBLICACIÓN, DISTRIBUCIÓN, ETC.
Lugar de publicación, distribución, etc. Barcelona :
Nombre del editor, distribuidor, etc. Ediciones Martínez Roca,
Fecha de publicación, distribución, etc. 2002.
300 ## - DESCRIPCIÓN FÍSICA
Extensión 508 páginas :
Otras características físicas ilustraciones ;
Dimensiones 24 cm.
440 0# - MENCIÓN DE SERIE/PUNTO DE ACCESO ADICIONAL--TÍTULO
Título Colección Así vivían,
9 (RLIN) 38436
504 ## - NOTA DE BIBLIOGRAFÍA, ETC.
Nota de bibliografía, etc. Incluye bibliografía.
520 ## - RESUMEN, ETC.
Sumario, etc. España posee el dudoso privilegio de haber creado y conservado durante más de tres siglos uno de los tribunales más severos de la historia moderna de Europa: la Inquisición. Este instrumento político-religioso institucionalizó la<br/>intolerancia fomentando la persecución de las minorías religiosas y la represión de cualquier posible desviación de la fe católica. Huyendo de la leyenda negra, pero también de los intentos por minimizar sus crímenes, el prestigioso hispanista Joseph Pérez nos ofrece una visión crítica y actualizada del origen, la estructura, las actuaciones y la influencia del Santo Oficio en la Península. Con Crónica de la Inquisición en España, el autor logra emitir un juicio equilibrado y concluyente sobre una institución nacida de la intransigencia y del fanatismo de su tiempo.
650 #4 - PUNTO DE ACCESO ADICIONAL DE MATERIA--TÉRMINO DE MATERIA
Término de materia o nombre geográfico como elemento de entrada Inquisición
Subdivisión general Historia
Subdivisión geográfica España
9 (RLIN) 17249
Subdivisión cronológica Siglos XV-XVIII
650 #4 - PUNTO DE ACCESO ADICIONAL DE MATERIA--TÉRMINO DE MATERIA
Término de materia o nombre geográfico como elemento de entrada Persecuciones religiosas
Subdivisión general Historia
Subdivisión geográfica España
9 (RLIN) 6110
Subdivisión cronológica Siglos XV-XVIII
942 ## - ELEMENTOS DE ENTRADA SECUNDARIOS (KOHA)
Fuente del sistema de clasificación o colocación Clasificación de Library of Congress
Tipo de ítem Koha Libro
946 ## - PROCESAMIENTO DE INFORMACIÓN LOCAL (OCLC)
Iniciales del agente catalogador rmza
Holdings
Estatus retirado Estado de pérdida Fuente del sistema de clasificación o colocación Estado de daño No para préstamo Colección Biblioteca de origen Biblioteca actual Ubicación en estantería Fecha de adquisición Signatura topográfica completa Código de barras Visto por última vez Copia número Tipo de ítem Koha
    Clasificación de Library of Congress     Humanidades Biblioteca Juan Bosch Biblioteca Juan Bosch Humanidades (4to. Piso) 12/09/2024 BX 1735 P438c 2002 00000170209 12/09/2024 1 Libro